|
|
|
|
| LEADER |
00000nta a2200000 i 4500 |
| 001 |
dolg517 |
| 005 |
20150425100254.0 |
| 008 |
141202suuuu hu om 000 hun d |
| 040 |
|
|
|a BGE Dolgozattár Repozitórium
|b hun
|
| 041 |
|
|
|a hu
|
| 100 |
1 |
|
|a Vass Szilvia
|
| 245 |
1 |
0 |
|a Vállalati CRM rendszer bevezetésének hatása a kereskedelmi folyamatokra a Salzgitter Mannesmann Acélkereskedelmi Kft.-nél
|c Vass Szilvia
|h [elektronikus dokumentum]
|
| 695 |
|
|
|a CRM bevezetés
|
| 695 |
|
|
|a Acélkereskedelem
|
| 700 |
1 |
|
|a Katz György
|e ths
|
| 856 |
4 |
0 |
|u http://dolgozattar.uni-bge.hu/517/1/Vass_Szilvia_Szakdolgozat_2014.pdf
|z Dokumentum-elérés
|
| 856 |
4 |
0 |
|u http://dolgozattar.uni-bge.hu/517/2/Vass_Szilvia_Szakdolgozat_2014.pdf
|z Dokumentum-elérés
|